| 000 | 00512nam a2200193Ia 4500 | ||
|---|---|---|---|
| 005 | 20240823012440.0 | ||
| 008 | 240823s9999||||xx |||||||||||||| ||und|| | ||
| 020 | _a019565118-9 | ||
| 041 | _aENGLISH | ||
| 082 | _A800.354 P2 | ||
| 100 | _a"Department of English,University of Delhi Ed." | ||
| 245 | 0 | _aModern Indian Literature : Poems and Short Stories | |
| 250 | _a1st | ||
| 260 |
_c2002 _bOxford University _aNew Delhi |
||
| 500 | _aYES | ||
| 650 |
_aStory _bEnglish |
||
| 942 | _cBK | ||
| 999 |
_c164431 _d164431 |
||